00461nam a2200193Ia 4500008004100000020001800041050001400059100001600073245001600089245003100105245003200136260001500168260001600183260000900199300001400208300002700222300001000249500000800259170918s9999 xx 000 0 und d a9780590870386 bP243 1996 aParker, Vic aBearobics : ba hip-hop counting story / cVic Parker and Emily Bolam. aNew York : bScholastic, c1996 aunpaged : bcolored illustration ; c23cm. a570